[Event "XIV Miedzynarodowe Mistrzostwa Gdanska "]
[Site "CEN Gdansk"]
[Date "2012.??.??"]
[Round "3.7"]
[White "Ciszewski, Marek"]
[Black "Strzemiecki, Zbigniew"]
[Result "0-1"]
[WhiteElo "1953"]
[BlackElo "2433"]
[PlyCount "72"]
[EventDate "2012.??.??"]

1. e4 e6 2. d4 d5 3. exd5 exd5 4. Nf3 Nf6 5. Bd3 c5 6. dxc5 Bxc5 7. O-O O-O 8.
Nc3 h6 9. h3 Nc6 10. Bf4 a6 11. a4 Be6 12. Qd2 Bb4 13. Qc1 Re8 14. Ne2 Ne4 15.
Ng3 Nxg3 16. fxg3 Bf8 17. c3 Rc8 18. Qd2 d4 19. Nxd4 Nxd4 20. cxd4 Qxd4+ 21.
Be3 Qd5 22. Rad1 Red8 23. Qf2 Qb3 24. Qe2 Qxa4 25. Rf4 Qb3 26. Rff1 Rd7 27. Rd2
Rcd8 28. Rfd1 Bb4 29. Bc2 Rxd2 30. Bxb3 Rxe2 31. Rxd8+ Kh7 32. Bxe6 fxe6 33.
Bd4 Rd2 34. Kh2 Ba5 35. Rd7 e5 36. Rd5 Bb6 0-1

[Event "XIV Miedzynarodowe Mistrzostwa Gdanska "]
[Site "CEN Gdansk"]
[Date "2012.??.??"]
[Round "3.9"]
[White "Suliborski, Artur"]
[Black "Bugalski, Michal"]
[Result "1-0"]
[WhiteElo "1797"]
[BlackElo "2193"]
[PlyCount "101"]
[EventDate "2012.??.??"]

1. e4 e5 2. Nf3 Nc6 3. Bb5 a6 4. Ba4 Nf6 5. O-O b5 6. Bb3 Be7 7. Re1 d6 8. h3
Na5 9. d3 h6 10. Nbd2 O-O 11. a4 Nxb3 12. Nxb3 Bd7 13. axb5 axb5 14. Be3 c5 15.
Qe2 Qc7 16. Nh2 d5 17. exd5 Nxd5 18. Qf3 Bc6 19. Rxa8 Rxa8 20. Qg3 Nxe3 21.
Qxe3 Ra2 22. Ng4 f6 23. Qc1 Bb7 24. Ne3 Qc6 25. c4 Kf7 26. Qc3 b4 27. Qc2 Qd7
28. Qe2 Kg8 29. Nc1 Ra1 30. Qh5 Bf8 31. Qg6 Qf7 32. Qg4 Rb1 33. Qe2 g6 34. b3
Ra1 35. Qb2 Ra6 36. Ne2 Bg7 37. Ra1 Rd6 38. Ra5 Qc7 39. Ra7 Qb6 40. Qa2 Rxd3
41. Ng3 Rd8 42. h4 f5 43. Nd5 Bxd5 44. cxd5 Rxd5 45. Ra6 Rd1+ 46. Kh2 Qc7 47.
Rxg6 Qf7 48. h5 f4 49. Ne4 Kh7 50. Qc2 Qf5 51. Nf6+ 1-0

[Event "XIV Miedzynarodowe Mistrzostwa Gdanska "]
[Site "CEN Gdansk"]
[Date "2012.??.??"]
[Round "3.10"]
[White "Zielinski, Stanislaw"]
[Black "Wyrwa, Zdzislaw"]
[Result "1/2-1/2"]
[WhiteElo "2139"]
[BlackElo "1946"]
[PlyCount "55"]
[EventDate "2012.??.??"]

1. e4 c5 2. Nc3 Nc6 3. f4 d6 4. Nf3 g6 5. Bc4 Bg7 6. O-O e6 7. f5 exf5 8. d3
Nge7 9. Qe1 O-O 10. Qh4 h5 11. Bg5 Qc7 12. Bf6 Be6 13. Bb3 Rae8 14. Rf2 Qd7 15.
Re1 d5 16. e5 a6 17. Na4 b6 18. Nxb6 Qb7 19. Na4 Qb4 20. Nc3 Qa5 21. Kf1 d4 22.
Bxg7 Kxg7 23. Qf6+ Kh7 24. Ng5+ Kh6 25. Nd1 Nd8 26. Nh3 Bxb3 27. axb3 Ne6 28.
g3 1/2-1/2

[Event "XIV Miedzynarodowe Mistrzostwa Gdanska "]
[Site "CEN Gdansk"]
[Date "2012.??.??"]
[Round "3.11"]
[White "Pioch, Zygmunt"]
[Black "Grabowski, Jan"]
[Result "1-0"]
[WhiteElo "2120"]
[BlackElo "1886"]
[PlyCount "93"]
[EventDate "2012.??.??"]

1. e4 e6 2. d4 d5 3. Nd2 Nf6 4. e5 Nfd7 5. Bd3 c5 6. c3 Nc6 7. Ne2 Qb6 8. Nf3
f6 9. exf6 Nxf6 10. O-O cxd4 11. cxd4 Bd6 12. a3 O-O 13. Nc3 Bd7 14. Bg5 h6 15.
Bh4 Rac8 16. Bg3 Bxg3 17. hxg3 Na5 18. Rb1 Nc4 19. Ne2 Bb5 20. a4 Be8 21. Re1
Bh5 22. Nf4 Bg4 23. Ng6 Rfe8 24. b3 Nd6 25. Nge5 Bf5 26. Bxf5 exf5 27. Qd3 Nde4
28. Rbc1 Qb4 29. Ng6 Kh7 30. Nf4 Rc3 31. Rxc3 Qxc3 32. Qd1 Qa5 33. Ne5 Qd2 34.
Qxd2 Nxd2 35. Re3 Nde4 36. f3 Nd6 37. Rc3 a6 38. a5 Rg8 39. Ne6 Re8 40. Nc5 Rc8
41. Rd3 Nb5 42. b4 Ne8 43. Ned7 Ned6 44. Nb6 Re8 45. Nxd5 Rd8 46. Ne3 Re8 47.
Kf2 1-0

[Event "XIV Miedzynarodowe Mistrzostwa Gdanska "]
[Site "CEN Gdansk"]
[Date "2012.??.??"]
[Round "3.12"]
[White "Kobus, Sebastian"]
[Black "Maksimenko, Andrei Jr"]
[Result "1-0"]
[WhiteElo "2097"]
[BlackElo "1874"]
[PlyCount "69"]
[EventDate "2012.??.??"]

1. e4 c5 2. g3 e6 3. Bg2 Nc6 4. Ne2 g6 5. O-O Bg7 6. Nbc3 Nge7 7. d3 O-O 8. Be3
d6 9. d4 cxd4 10. Nxd4 a6 11. Kh1 Qc7 12. Nce2 d5 13. c3 dxe4 14. Bxe4 e5 15.
Nxc6 Nxc6 16. Qb3 Be6 17. Qb6 Qc8 18. Bg2 f5 19. Rfd1 Bc4 20. Ng1 e4 21. Nh3
Ne5 22. Bd4 Nd3 23. Bxg7 Kxg7 24. b3 Bb5 25. Qd4+ Rf6 26. f3 Bc6 27. fxe4 fxe4
28. Rf1 Qd8 29. Qe3 Qe7 30. Ng5 Raf8 31. Rxf6 Rxf6 32. Kg1 Nf2 33. Rf1 Qe5 34.
Rxf2 Rxf2 35. Kxf2 1-0

[Event "XIV Miedzynarodowe Mistrzostwa Gdanska "]
[Site "?"]
[Date "2012.??.??"]
[Round "3.14"]
[White "Czarkowski, Tomasz"]
[Black "Szczepaniec, Stanislaw"]
[Result "1-0"]
[WhiteElo "1636"]
[BlackElo "2059"]
[PlyCount "47"]
[EventDate "2012.??.??"]

1. d4 Nf6 2. c4 g6 3. Nf3 Bg7 4. Nc3 d6 5. Bf4 O-O 6. e3 Nbd7 7. h3 c6 8. Be2
Re8 9. O-O Qb6 10. Qc2 e5 11. Bh2 e4 12. Nd2 d5 13. cxd5 cxd5 14. Nb5 Nf8 15.
Nc7 Be6 16. Nxa8 Rxa8 17. Qb3 Qa5 18. Rfd1 Rc8 19. Qxb7 Rc2 20. Nb3 Qa4 21. Nc5
Qa5 22. Bc7 Rxc5 23. Bxa5 Rxa5 24. Qb4 1-0

[Event "XIV Miedzynarodowe Mistrzostwa Gdanska "]
[Site "CEN Gdansk"]
[Date "2012.??.??"]
[Round "3.15"]
[White "Marszk, Kazimierz"]
[Black "Sieklucki, Adam"]
[Result "1-0"]
[WhiteElo "2050"]
[BlackElo "1847"]
[PlyCount "121"]
[EventDate "2012.??.??"]

1. e4 c5 2. Nf3 d6 3. d4 cxd4 4. Nxd4 Nf6 5. Nc3 a6 6. Bg5 e6 7. f4 Be7 8. Qf3
Qc7 9. O-O-O Nbd7 10. f5 Ne5 11. Qh3 Nfg4 12. Bxe7 Qxe7 13. Qg3 Qg5+ 14. Kb1
Qe3 15. Qe1 Bd7 16. h3 Qxe1 17. Rxe1 Nf6 18. g4 h6 19. Rg1 b5 20. a3 Rb8 21.
Rg3 Ke7 22. Nf3 Rhc8 23. Nxe5 dxe5 24. Rd3 b4 25. axb4 Rxb4 26. Kc1 a5 27. Bg2
Rcb8 28. b3 Bc6 29. Bf3 Rd4 30. Kd2 Rbd8 31. Ke3 Rxd3+ 32. cxd3 Rb8 33. Bd1 Nd7
34. Bc2 Nc5 35. Rb1 Rb4 36. Na2 Rd4 37. Nc3 Rb4 38. Na2 Rd4 39. Ra1 Bb5 40. Nc1
a4 41. bxa4 Bxa4 42. Bxa4 Nxa4 43. Nb3 Rb4 44. Na5 Kd7 45. Nc4 exf5 46. Rxa4
f4+ 47. Kf3 Rb5 48. Ra7+ Ke6 49. Ra6+ Ke7 50. Ra5 Rxa5 51. Nxa5 g6 52. h4 f6
53. Nc4 Ke6 54. Nd2 Kd6 55. Ke2 Kc5 56. Nf3 Kd6 57. Kd2 Ke6 58. Kc3 f5 59. g5
fxe4 60. dxe4 hxg5 61. hxg5 1-0

[Event "XIV Miedzynarodowe Mistrzostwa Gdanska "]
[Site "?"]
[Date "2012.??.??"]
[Round "3.16"]
[White "Kumala, Aleksander"]
[Black "Wicikowska, Agata"]
[Result "1-0"]
[WhiteElo "1974"]
[BlackElo "1487"]
[PlyCount "53"]
[EventDate "2012.??.??"]

1. d4 d5 2. Nc3 Nf6 3. Bg5 e6 4. e4 dxe4 5. Nxe4 Be7 6. Nxf6+ Bxf6 7. Bxf6 Qxf6
8. Nf3 O-O 9. Bd3 Nc6 10. c3 Re8 11. Qc2 h6 12. O-O-O e5 13. dxe5 Nxe5 14. Nxe5
Rxe5 15. f3 Bf5 16. Bxf5 Rxf5 17. Rd7 Rc8 18. Rhd1 Re5 19. Qd2 Re7 20. Rxe7
Qxe7 21. Re1 Qd8 22. Qe3 b6 23. Qe5 Kf8 24. Qe4 Qe8 25. Qb4+ c5 26. Rxe8+ Rxe8
27. Qa4 1-0

[Event "XIV Miedzynarodowe Mistrzostwa Gdanska "]
[Site "?"]
[Date "2012.??.??"]
[Round "3.18"]
[White "Janczewski, Michal"]
[Black "Szymanowski, Mateusz"]
[Result "1-0"]
[WhiteElo "2357"]
[BlackElo "1833"]
[PlyCount "95"]
[EventDate "2012.??.??"]

1. d4 Nf6 2. c4 g6 3. Nc3 Bg7 4. e4 d6 5. Be2 O-O 6. Nf3 e5 7. O-O Nc6 8. d5
Ne7 9. b4 Ne8 10. c5 h6 11. Nd2 f5 12. f3 Kh7 13. Nc4 a6 14. Be3 f4 15. Bf2 g5
16. a4 Ng6 17. b5 Rg8 18. b6 Bf8 19. c6 cxb6 20. Nxb6 Rb8 21. cxb7 Bxb7 22. a5
Rg7 23. Na2 h5 24. Nb4 Nc7 25. Rc1 Rf7 26. Kh1 Qf6 27. Rc3 Bh6 28. Qc2 Qg7 29.
Rc1 Ne8 30. Bxa6 Bxa6 31. Nxa6 Rbb7 32. Nb4 g4 33. Nc6 g3 34. Bg1 gxh2 35. Bf2
h4 36. Nd8 h3 37. gxh3 Qf6 38. Nxb7 Rxb7 39. a6 Rg7 40. Qe2 Nh4 41. Qf1 Qg5 42.
Nc8 Ng2 43. h4 Qg6 44. Ne7 Qh5 45. Nf5 Rg8 46. Qxg2 Rxg2 47. Kxg2 Qg6+ 48. Kxh2
1-0

[Event "XIV Miedzynarodowe Mistrzostwa Gdanska "]
[Site "CEN Gdansk"]
[Date "2012.??.??"]
[Round "3.19"]
[White "Ciesielski, Tomasz"]
[Black "Zolnierowicz, Krzysztof"]
[Result "0-1"]
[WhiteElo "1837"]
[BlackElo "2226"]
[PlyCount "47"]
[EventDate "2012.??.??"]

1. e4 d5 2. e5 c5 3. f4 Nc6 4. Nf3 Nh6 5. g3 Nf5 6. Bg2 h5 7. d3 h4 8. g4 h3 9.
gxf5 hxg2 10. Rg1 Bxf5 11. Rxg2 g6 12. Qe2 e6 13. Nbd2 Be7 14. Nf1 Bh4+ 15.
Nxh4 Qxh4+ 16. Qf2 Bh3 17. Qxh4 Rxh4 18. Rf2 O-O-O 19. Bd2 Rdh8 20. Ng3 Bg4 21.
Nf1 Nd4 22. Be3 Nf3+ 23. Rxf3 Bxf3 24. Bxc5 0-1

[Event "XIV Miedzynarodowe Mistrzostwa Gdanska "]
[Site "?"]
[Date "2012.??.??"]
[Round "3.20"]
[White "Gluszko, Monika"]
[Black "Wojszkun, Tadeusz"]
[Result "1-0"]
[WhiteElo "2015"]
[BlackElo "1809"]
[PlyCount "49"]
[EventDate "2012.??.??"]

1. e4 e5 2. Nf3 Nc6 3. Bc4 Nf6 4. d3 Be7 5. c3 d6 6. Nbd2 O-O 7. Nf1 d5 8. exd5
Nxd5 9. Ng3 Bg4 10. O-O Na5 11. Bb5 a6 12. Ba4 b5 13. Bc2 f5 14. h3 f4 15. Ne4
Bh5 16. g4 fxg3 17. fxg3 Bd6 18. b4 Bxf3 19. Rxf3 Nb7 20. Bb3 Be7 21. Rxf8+
Bxf8 22. Qf3 Kh8 23. Ng5 Nd6 24. Bxd5 Ra7 25. Ne6 1-0

[Event "XIV Miedzynarodowe Mistrzostwa Gdanska "]
[Site "?"]
[Date "2012.??.??"]
[Round "3.21"]
[White "Ulanowski, Karol"]
[Black "Serbinowski, Mieczyslaw"]
[Result "1-0"]
[WhiteElo "1987"]
[BlackElo "1802"]
[PlyCount "43"]
[EventDate "2012.??.??"]

1. e4 c5 2. Nf3 Nc6 3. d4 cxd4 4. Nxd4 Nf6 5. Nc3 a6 6. Bg5 e6 7. Qd2 Be7 8.
O-O-O O-O 9. f4 h6 10. Bxf6 Bxf6 11. e5 Be7 12. Kb1 f6 13. Bc4 fxe5 14. Nxc6
dxc6 15. Qe2 Qa5 16. fxe5 Bb4 17. Qe3 b5 18. Be2 Qc7 19. g4 Be7 20. Bd3 Bg5 21.
Qe4 Rf5 22. gxf5 1-0

[Event "XIV Miedzynarodowe Mistrzostwa Gdanska "]
[Site "CEN Gdansk"]
[Date "2012.??.??"]
[Round "3.22"]
[White "Grabarczyk, Sylwester"]
[Black "Gorniewicz, Oskar"]
[Result "0-1"]
[WhiteElo "1746"]
[BlackElo "1961"]
[PlyCount "72"]
[EventDate "2012.??.??"]

1. d4 d5 2. Nc3 Bf5 3. Nf3 e6 4. a3 c5 5. e3 Nc6 6. Bd3 Bxd3 7. Qxd3 c4 8. Qe2
f5 9. O-O Bd6 10. Nb5 Bb8 11. e4 fxe4 12. Ng5 a6 13. Nxe6 Qe7 14. Qh5+ g6 15.
Qxd5 Nf6 16. Qxc4 axb5 17. Qb3 Qd6 18. Bf4 Qd5 19. Qh3 Bxf4 20. Nxf4 Qf5 21.
Qh6 O-O-O 22. Ne2 Nxd4 23. Ng3 Qe5 24. a4 b4 25. c3 bxc3 26. bxc3 Nf5 27. Qg5
Rd5 28. Nxf5 gxf5 29. g3 Rd3 30. Qg7 Rg8 31. Qf7 Rd7 32. Qb3 f4 33. c4 fxg3 34.
fxg3 Rd3 35. Qb6 Rdxg3+ 36. Kh1 Rg2 0-1

[Event "XIV Miedzynarodowe Mistrzostwa Gdanska "]
[Site "CEN Gdansk"]
[Date "2012.??.??"]
[Round "3.24"]
[White "Moszczenski, Milosz"]
[Black "Smalara, Kazimierz"]
[Result "1-0"]
[WhiteElo "1718"]
[BlackElo "1951"]
[PlyCount "93"]
[EventDate "2012.??.??"]

1. d4 g6 2. c4 Bg7 3. Nf3 d6 4. e4 Nd7 5. Be2 Ngf6 6. Nc3 O-O 7. O-O c6 8. h3
Qc7 9. Be3 e5 10. Qd2 Re8 11. d5 c5 12. a3 Nf8 13. b4 b6 14. bxc5 bxc5 15. Nb5
Qd8 16. Bd3 a6 17. Nc3 Bd7 18. Rab1 Qc7 19. Rb2 Reb8 20. Rfb1 Ne8 21. Qc2 Bf6
22. Rb3 Bd8 23. Qb2 Rxb3 24. Qxb3 Bc8 25. Qc2 Ng7 26. Nd2 f5 27. f4 fxe4 28.
Ndxe4 Nf5 29. Qf2 Nxe3 30. Qxe3 Qe7 31. Rf1 Bf5 32. g4 Bxe4 33. Nxe4 exf4 34.
Qxf4 Bc7 35. Ng5 Rd8 36. Rf2 h6 37. Nf7 Rd7 38. Nxh6+ Kg7 39. g5 Nh7 40. h4
Qe1+ 41. Kg2 Re7 42. Nf5+ gxf5 43. Qxf5 Kg8 44. Qc8+ Kg7 45. h5 Re8 46. Qf5 Nf8
47. h6+ 1-0

[Event "XIV Miedzynarodowe Mistrzostwa Gdanska "]
[Site "CEN Gdansk"]
[Date "2012.??.??"]
[Round "3.26"]
[White "Zhuk, Ivan"]
[Black "Walkusz, Miroslaw"]
[Result "1/2-1/2"]
[WhiteElo "1642"]
[BlackElo "1938"]
[PlyCount "168"]
[EventDate "2012.??.??"]

1. d4 d5 2. c4 c6 3. Nc3 Nf6 4. cxd5 cxd5 5. g3 e6 6. Bg2 Nc6 7. Bf4 Bd6 8.
Bxd6 Qxd6 9. Nf3 O-O 10. O-O a6 11. a3 b5 12. b4 Bb7 13. e3 Rfc8 14. Rc1 Rc7
15. Qd3 Rac8 16. Nd2 Nb8 17. Rfe1 h6 18. Nb3 Nbd7 19. Nc5 Nxc5 20. bxc5 Qe7 21.
Rb1 Bc6 22. Rb2 Rb7 23. Reb1 Rcb8 24. e4 dxe4 25. Nxe4 Nxe4 26. Bxe4 Qd7 27. f3
Rd8 28. Rd2 Bd5 29. Bxd5 Qxd5 30. Qe4 Rc7 31. Rbb2 Rcd7 32. Qxd5 Rxd5 33. c6
Rc8 34. Rbc2 Kf8 35. c7 Ke7 36. Rc6 Rd6 37. Rdc2 Kd7 38. R6c3 Rb6 39. d5 exd5
40. Rd2 Rd6 41. Rcd3 Rxc7 42. Rxd5 Rxd5 43. Rxd5+ Ke6 44. Rd3 Rc2 45. f4 Rb2
46. Re3+ Kd6 47. Rd3+ Kc6 48. f5 a5 49. Rc3+ Kd6 50. f6 gxf6 51. g4 a4 52. Rh3
Rb3 53. Rxh6 Rxa3 54. Rxf6+ Ke7 55. Rb6 Rb3 56. h4 a3 57. Ra6 b4 58. h5 Rg3+
59. Kh2 Rxg4 60. Kh3 Rg8 61. h6 Rb8 62. h7 b3 63. Rb6 Rxb6 64. h8=Q b2 65. Qe5+
Re6 66. Qc5+ Kf6 67. Qc3+ Kg6 68. Qd3+ Kg7 69. Qg3+ Rg6 70. Qc3+ Kh7 71. Qc2
Kg8 72. Qc8+ Kg7 73. Qc3+ f6 74. Qc7+ Kh6 75. Qf4+ Kh7 76. Qc7+ Rg7 77. Qc2+
Kh6 78. Qf5 Rg6 79. Qf4+ Kh7 80. Qc7+ Rg7 81. Qc2+ Kh8 82. Qc8+ Rg8 83. Qf5 Kg7
84. Qd7+ Kh6 1/2-1/2

[Event "XIV Miedzynarodowe Mistrzostwa Gdanska "]
[Site "CEN Gdansk"]
[Date "2012.??.??"]
[Round "3.27"]
[White "Wyczling, Bartosz"]
[Black "Cybulski, Ryszard"]
[Result "1/2-1/2"]
[WhiteElo "1591"]
[BlackElo "1925"]
[PlyCount "66"]
[EventDate "2012.??.??"]

1. d4 Nf6 2. c4 e6 3. Nc3 Bb4 4. Qc2 Nc6 5. Nf3 d5 6. cxd5 exd5 7. Bg5 h6 8.
Bd2 O-O 9. e3 a6 10. h3 Bxc3 11. Bxc3 Ne4 12. Bd3 f5 13. O-O-O Be6 14. Rdg1 Qd6
15. Be1 Nb4 16. Bxb4 Qxb4 17. a3 Qa5 18. Kb1 Rac8 19. Rc1 c5 20. Qe2 c4 21.
Bxe4 fxe4 22. Ne5 b5 23. g4 b4 24. axb4 Qxb4 25. h4 c3 26. Rc2 cxb2 27. Rxb2
Qc3 28. Qxa6 Rfe8 29. g5 Rb8 30. Qxe6+ Rxe6 31. Rxb8+ Kh7 32. g6+ Rxg6 33. Nxg6
Qd3+ 1/2-1/2

[Event "XIV Miedzynarodowe Mistrzostwa Gdanska "]
[Site "?"]
[Date "2012.??.??"]
[Round "3.29"]
[White "Tarajkiewicz, Krzysztof"]
[Black "Zhuk, Ilya"]
[Result "1/2-1/2"]
[WhiteElo "1574"]
[BlackElo "1904"]
[PlyCount "39"]
[EventDate "2012.??.??"]

1. e4 e6 2. d4 d5 3. Nd2 dxe4 4. Nxe4 Nf6 5. Bg5 Be7 6. Nxf6+ Bxf6 7. Bxf6 Qxf6
8. Nf3 O-O 9. c3 b6 10. Bd3 Bb7 11. Qc2 h6 12. Be4 Bd5 13. O-O Nd7 14. Bxd5
exd5 15. Rfe1 c5 16. Rad1 Qc6 17. Qd2 Nf6 18. Ne5 Qb7 19. f3 Rad8 20. Rc1
1/2-1/2

[Event "XIV Miedzynarodowe Mistrzostwa Gdanska "]
[Site "?"]
[Date "2012.??.??"]
[Round "3.31"]
[White "Dobrowolski, Henryk"]
[Black "Vakholov, Dmitri"]
[Result "0-1"]
[WhiteElo "1883"]
[BlackElo "1643"]
[PlyCount "104"]
[EventDate "2012.??.??"]

1. d4 Nf6 2. c4 e6 3. Nc3 Bb4 4. Qd3 c5 5. Bg5 cxd4 6. Qxd4 Nc6 7. Qd3 h6 8.
Bf4 d5 9. Nf3 O-O 10. a3 Bxc3+ 11. Qxc3 Re8 12. e3 Ne4 13. Qc1 e5 14. Bg3 d4
15. b4 d3 16. Nd2 Nxg3 17. hxg3 e4 18. Qc3 f5 19. O-O-O Ne5 20. f3 Nf7 21. Re1
Qc7 22. f4 Be6 23. Kb2 Rac8 24. c5 Nd6 25. Rc1 Nb5 26. Qe5 Qxe5+ 27. fxe5 Bd5
28. a4 Nc7 29. Rh5 Rxe5 30. g4 Rf8 31. g3 Kh7 32. Bg2 g6 33. Rh2 fxg4 34. Rch1
h5 35. Kc3 Ne6 36. Rh4 Kg7 37. R4h2 a6 38. Rf1 Rxf1 39. Bxf1 Rf5 40. Rh1 Kf6
41. Rg1 Ke5 42. Bxd3 exd3 43. Kxd3 Ng5 44. Rc1 Ne4 45. Nc4+ Bxc4+ 46. Rxc4 Nxg3
47. b5 axb5 48. axb5 Rf1 49. c6 bxc6 50. Rxc6 h4 51. Rxg6 h3 52. Rxg4 h2 0-1

[Event "XIV Miedzynarodowe Mistrzostwa Gdanska "]
[Site "CEN Gdansk"]
[Date "2012.??.??"]
[Round "3.34"]
[White "Grota, Mateusz"]
[Black "Kotlowska, Anna"]
[Result "1-0"]
[WhiteElo "1815"]
[BlackElo "1647"]
[PlyCount "37"]
[EventDate "2012.??.??"]

1. e4 e5 2. Nf3 Nc6 3. Bc4 Nf6 4. d3 d5 5. exd5 Nxd5 6. O-O Bc5 7. Re1 O-O 8.
Nc3 Nxc3 9. bxc3 Bg4 10. Be3 Bd6 11. Rb1 Na5 12. Bb3 Nxb3 13. axb3 f5 14. Bd2
Re8 15. h3 Bh5 16. g4 fxg4 17. Ng5 Qd7 18. Ne4 g6 19. Nf6+ 1-0

[Event "XIV Miedzynarodowe Mistrzostwa Gdanska "]
[Site "?"]
[Date "2012.??.23"]
[Round "3.35"]
[White "Albin, Grzegorz"]
[Black "Teclaf, Pawel"]
[Result "1/2-1/2"]
[WhiteElo "1804"]
[BlackElo "1631"]
[PlyCount "76"]
[EventDate "2012.??.??"]

1. d4 Nf6 2. Nf3 g6 3. c4 Bg7 4. Nc3 d5 5. cxd5 Nxd5 6. e4 Nxc3 7. bxc3 c5 8.
Be2 Nc6 9. e5 cxd4 10. cxd4 O-O 11. O-O Bg4 12. Be3 Qa5 13. Qb3 Rad8 14. Qxb7
Bxf3 15. Bxf3 Nxd4 16. Bxd4 Rxd4 17. e6 fxe6 18. Qxe7 e5 19. Bg4 Rd2 20. Rab1
Qc3 21. Rb7 e4 22. Qe6+ Kh8 23. Rf7 Qc5 24. Rxf8+ Qxf8 25. Qxe4 Rxa2 26. Bf3
Ra1 27. Rxa1 Bxa1 28. Qa4 Qg7 29. g3 Bd4 30. Qe8+ Qg8 31. Qd7 Bb6 32. Bd5 Qf8
33. Bf7 Bxf2+ 34. Kxf2 Kg7 35. Qd4+ Kxf7 36. Qxa7+ Kg8+ 37. Kg2 Qf7 38. Qxf7+
Kxf7 1/2-1/2

[Event "XIV Miedzynarodowe Mistrzostwa Gdanska "]
[Site "CEN Gdansk"]
[Date "2012.??.??"]
[Round "3.36"]
[White "Zelajtys, Jozef"]
[Black "Janik, Igor"]
[Result "0-1"]
[WhiteElo "1628"]
[BlackElo "1767"]
[PlyCount "90"]
[EventDate "2012.??.??"]

1. e4 c5 2. Nf3 d6 3. c3 Nf6 4. h3 g6 5. Be2 Bg7 6. O-O O-O 7. d3 e6 8. Nbd2 b6
9. Re1 Bb7 10. Nf1 d5 11. e5 Nfd7 12. d4 Ba6 13. Bg5 Bxe2 14. Qxe2 Qc8 15. Qe3
Nc6 16. a3 Qa6 17. Bh6 Qa4 18. Rad1 Qb3 19. Bxg7 Kxg7 20. Rd2 h6 21. N1h2 Rh8
22. Ng4 Na5 23. Rde2 Nc4 24. Qc1 Rac8 25. Ne3 Na5 26. dxc5 bxc5 27. c4 d4 28.
Nd2 Qb7 29. Ng4 Nb3 30. Qc2 Nxd2 31. Rxd2 h5 32. Nh2 Nb6 33. b3 Qe7 34. Qe4 Nd7
35. Rd3 Rb8 36. Nf3 Nf8 37. h4 Nh7 38. Qf4 Rb6 39. b4 cxb4 40. axb4 Qxb4 41.
Qxd4 Rc8 42. Rc3 Qc5 43. Rec1 Rb4 44. Qd7 Nf8 45. Qd2 Rb7 0-1

[Event "XIV Miedzynarodowe Mistrzostwa Gdanska "]
[Site "CEN Gdansk"]
[Date "2012.??.??"]
[Round "3.37"]
[White "Kostecki, Samuel"]
[Black "Cichocka, Urszula"]
[Result "1/2-1/2"]
[WhiteElo "1447"]
[BlackElo "1723"]
[PlyCount "55"]
[EventDate "2012.??.??"]

1. d4 f5 2. e4 fxe4 3. Nc3 Nf6 4. Bg5 g6 5. f3 e3 6. Bc4 Bg7 7. Qd3 c6 8. Qxe3
d5 9. Bd3 O-O 10. Nge2 Na6 11. a3 Re8 12. f4 e6 13. O-O b6 14. Nd1 c5 15. c3
Qd6 16. Nf2 Nc7 17. Rac1 Ba6 18. Bxa6 Nxa6 19. Bxf6 Bxf6 20. Ng4 Bg7 21. Rc2
Rac8 22. Rfc1 Nb8 23. g3 Nc6 24. Kg2 Na5 25. Ne5 Bxe5 26. fxe5 Nc4 27. Qd3 Qe7
28. Rf1 {(...40)} 1/2-1/2

[Event "XIV Miedzynarodowe Mistrzostwa Gdanska "]
[Site "CEN Gdansk"]
[Date "2012.??.??"]
[Round "3.38"]
[White "Belczewski, Jacek"]
[Black "Pham, Juliusz"]
[Result "0-1"]
[WhiteElo "1498"]
[BlackElo "1714"]
[PlyCount "106"]
[EventDate "2012.??.??"]

1. c4 Nf6 2. Nc3 g6 3. g3 Bg7 4. Bg2 d6 5. Nf3 O-O 6. O-O Nbd7 7. d3 c6 8. Bd2
Qc7 9. b4 e5 10. Rc1 Ng4 11. h3 Nh6 12. b5 f5 13. bxc6 bxc6 14. Ng5 Nf6 15. Qa4
Bd7 16. Rb1 Rab8 17. Be3 a5 18. Qa3 Nf7 19. Nxf7 Kxf7 20. Na4 c5 21. Nc3 Rb4
22. Bg5 Rfb8 23. Bxf6 Rxb1 24. Bd5+ Kxf6 25. Rxb1 Rxb1+ 26. Nxb1 Qb6 27. Qb3
Qb4 28. Qxb4 cxb4 29. a3 Ba4 30. axb4 axb4 31. Kf1 Bc2 32. Nd2 b3 33. c5 b2 34.
c6 Ke7 35. Ba2 Kd8 36. Nb1 e4 37. dxe4 Bxe4 38. Ke1 Kc7 39. Kd2 Kxc6 40. f3 Bd5
41. Bxd5+ Kxd5 42. Kd3 Kc5 43. g4 d5 44. gxf5 gxf5 45. e3 Kb4 46. e4 dxe4+ 47.
fxe4 fxe4+ 48. Kxe4 Kb3 49. Kd3 Ka2 50. Kc2 Bf6 51. Nd2 Be7 52. Kc3 Bg5 53. Ne4
b1=Q 0-1

[Event "XIV Miedzynarodowe Mistrzostwa Gdanska "]
[Site "CEN Gdansk"]
[Date "2012.??.??"]
[Round "3.39"]
[White "Badyra, Wasyl"]
[Black "Garbowski, Jakub"]
[Result "1/2-1/2"]
[WhiteElo "1650"]
[BlackElo "1572"]
[PlyCount "85"]
[EventDate "2012.??.??"]

1. e4 e5 2. Nf3 Nc6 3. d4 exd4 4. Nxd4 Bc5 5. Be3 Qf6 6. c3 Nge7 7. Bc4 d6 8.
O-O O-O 9. Nxc6 Nxc6 10. Bxc5 dxc5 11. Na3 Be6 12. Qe2 Rad8 13. Rad1 Qg6 14.
Nb5 Bh3 15. f3 Ne5 16. Na3 c6 17. Kh1 Bc8 18. Qe3 b6 19. Bb3 Kh8 20. Nc4 Nxc4
21. Bxc4 Rfe8 22. h3 Be6 23. Qe2 Qh6 24. Rfe1 Kg8 25. b4 cxb4 26. cxb4 Qf6 27.
Rc1 Rc8 28. Ba6 Rc7 29. Rc2 Bc8 30. Bb5 Bb7 31. Rec1 Rec8 32. Bd3 Qd6 33. a3 c5
34. Ba6 Bxa6 35. Qxa6 g6 36. bxc5 Rxc5 37. Rxc5 Rxc5 38. Rxc5 Qxc5 39. Qxa7
Qc1+ 40. Kh2 Qf4+ 41. Kg1 Qc1+ 42. Kf2 Qd2+ 43. Kg1 1/2-1/2

[Event "XIV Miedzynarodowe Mistrzostwa Gdanska "]
[Site "CEN Gdansk"]
[Date "2012.??.??"]
[Round "3.40"]
[White "Zhuk, Dmitriy"]
[Black "Pawlowski, Pawel"]
[Result "1-0"]
[WhiteElo "1605"]
[BlackElo "1837"]
[PlyCount "133"]
[EventDate "2012.??.??"]

1. e4 g6 2. d4 Bg7 3. Nf3 d6 4. Bd3 Nf6 5. Be3 O-O 6. Nc3 b6 7. Qd2 Ng4 8. Bf4
e5 9. dxe5 Nxe5 10. Nxe5 dxe5 11. Bg5 Qd7 12. O-O-O c6 13. h4 h5 14. Bh6 Ba6
15. Qg5 Qg4 16. Qxg4 Bxh6+ 17. Qg5 Bxg5+ 18. hxg5 Kg7 19. Bxa6 Nxa6 20. Rd6
Rac8 21. Rhd1 Rc7 22. a3 Nc5 23. b4 Ne6 24. Rd7 Rfc8 25. R1d2 Nxg5 26. f3 Ne6
27. Kd1 Rxd7 28. Rxd7 Rc7 29. Rd2 b5 30. Ne2 h4 31. Ke1 g5 32. Kf1 Kf6 33. Kg1
Nf4 34. Kh2 Nxe2 35. Rxe2 Rd7 36. Kh3 Ke6 37. g3 hxg3 38. Kxg3 Rd1 39. Re3 Rg1+
40. Kf2 Rd1 41. Kg3 f6 42. Rc3 Rd6 43. Kg4 a6 44. Rc5 Kd7 45. Kf5 Kc7 46. Rc3
Kb6 47. Rc5 a5 48. c3 axb4 49. axb4 Kc7 50. c4 bxc4 51. Rxc4 Kb7 52. Rc5 Kb6
53. Kg6 Rd4 54. Kxf6 Rxb4 55. Rxe5 c5 56. Rxg5 c4 57. Rg1 c3 58. Re1 Rc4 59.
Kf5 Kc5 60. e5 Kd4 61. e6 Kd3 62. e7 Rc8 63. Kf6 Kd2 64. Rh1 c2 65. Kf7 c1=Q
66. Rxc1 Kxc1 67. e8=Q 1-0

[Event "XIV Miedzynarodowe Mistrzostwa Gdanska "]
[Site "CEN Gdansk"]
[Date "2012.??.??"]
[Round "3.43"]
[White "Przybylowicz, Kazimierz"]
[Black "Wozniak, Konrad"]
[Result "1/2-1/2"]
[WhiteElo "1724"]
[BlackElo "1595"]
[PlyCount "60"]
[EventDate "2012.??.??"]

1. e4 e6 2. d4 d5 3. e5 c5 4. c3 Nc6 5. a3 Qb6 6. Nf3 Nge7 7. dxc5 Qxc5 8. Be3
Qa5 9. Bd3 Nf5 10. Bxf5 exf5 11. O-O Be7 12. Nbd2 Qc7 13. Re1 Be6 14. Nb3 O-O
15. Nbd4 Qd7 16. Bg5 Nxd4 17. cxd4 Rac8 18. Qd2 Rc4 19. Rac1 Rfc8 20. Rxc4 Rxc4
21. Rc1 Bxg5 22. Nxg5 Qc8 23. Rxc4 Qxc4 24. f4 Bd7 25. h3 h6 26. Nf3 Kf8 27.
Kh2 b6 28. Qf2 Qc6 29. Qh4 Qc7 30. Qe1 30... Qc4 {(... 42)} 1/2-1/2

[Event "XIV Miedzynarodowe Mistrzostwa Gdanska "]
[Site "?"]
[Date "2012.??.??"]
[Round "3.44"]
[White "Aftanasiuk, Jakub"]
[Black "Bieszk, Stanislaw"]
[Result "0-1"]
[WhiteElo "1548"]
[BlackElo "1700"]
[PlyCount "72"]
[EventDate "2012.??.??"]

1. e4 c5 2. Nf3 d6 3. d4 cxd4 4. Qxd4 Nc6 5. Bb5 Bd7 6. Bxc6 Bxc6 7. Nc3 Nf6 8.
Bg5 e5 9. Qd3 Be7 10. O-O-O Qa5 11. a3 O-O-O 12. Bxf6 Bxf6 13. Nd5 Bxd5 14.
Qxd5 Qxd5 15. Rxd5 g5 16. Rhd1 g4 17. Nd2 Bg5 18. c4 Kc7 19. Kc2 Bxd2 20. R1xd2
Rd7 21. Kc3 b6 22. b4 Rf8 23. f3 f5 24. exf5 gxf3 25. gxf3 Rxf5 26. Rf2 Rdf7
27. Rd3 e4 28. Re3 Rxf3 29. Rexf3 Rxf3+ 30. Rxf3 exf3 31. Kd3 Kc6 32. Ke3 a5
33. Kxf3 axb4 34. axb4 d5 35. Ke3 dxc4 36. Kd4 b5 0-1